MARC details
| 000 -LEADER |
| fixed length control field |
02635cam a2200481 i 4500 |
| 001 - CONTROL NUMBER |
| control field |
200468123 |
| 003 - CONTROL NUMBER IDENTIFIER |
| control field |
TR-AnTOB |
| 005 - DATE AND TIME OF LATEST TRANSACTION |
| control field |
20260415141549.0 |
| 007 - PHYSICAL DESCRIPTION FIXED FIELD--GENERAL INFORMATION |
| fixed length control field |
ta |
| 008 - FIXED-LENGTH DATA ELEMENTS--GENERAL INFORMATION |
| fixed length control field |
260415s19641964nyu b 000 0deng |
| 010 ## - LIBRARY OF CONGRESS CONTROL NUMBER |
| LC control number |
64013958 |
| 016 ## - NATIONAL BIBLIOGRAPHIC AGENCY CONTROL NUMBER |
| Record control number |
(AMICUS)000001417652 |
|
| Record control number |
002557775 |
| Source |
Uk |
| 035 ## - SYSTEM CONTROL NUMBER |
| System control number |
(CLU)2353392-ucladb-Voyager |
|
| System control number |
(OCoLC)00290597 |
| Canceled/invalid control number |
(OCoLC)8468054 |
| -- |
(OCoLC)13055985 |
| -- |
(OCoLC)562434098 |
| -- |
(OCoLC)622262607 |
| -- |
(OCoLC)774431276 |
| -- |
(OCoLC)779024747 |
| -- |
(OCoLC)794677221 |
| -- |
(OCoLC)877167439 |
| -- |
(OCoLC)1191307965 |
| -- |
(OCoLC)1200989219 |
| -- |
(OCoLC)1201588486 |
| -- |
(OCoLC)1201627388 |
| -- |
(OCoLC)1201861487 |
| -- |
(OCoLC)1201886635 |
| -- |
(OCoLC)1201890489 |
| -- |
(OCoLC)1201919854 |
| -- |
(OCoLC)1201986492 |
| -- |
(OCoLC)1277105169 |
|
| System control number |
(OCoLC)ocm00290597 |
|
| System control number |
(EXLNZ-01UCS_NETWORK)9912847812806531 |
|
| System control number |
(TR-AnTOB)200468123 |
| 040 ## - CATALOGING SOURCE |
| Original cataloging agency |
DLC |
| Language of cataloging |
eng |
| Description conventions |
rda |
| Transcribing agency |
DLC |
| Modifying agency |
NMN |
| -- |
OCLCQ |
| -- |
BAKER |
| -- |
NLGGC |
| -- |
BTCTA |
| -- |
OCLCG |
| -- |
YDXCP |
| -- |
DEBBG |
| -- |
TXMLR |
| -- |
EUM |
| -- |
OCLCO |
| -- |
GBVCP |
| -- |
P4I |
| -- |
OCLCQ |
| -- |
OCLCF |
| -- |
OCLCO |
| -- |
GYG |
| -- |
LMR |
| -- |
LET |
| -- |
UKMGB |
| -- |
OCLCO |
| -- |
IOL |
| -- |
NLC |
| -- |
TYC |
| -- |
OCLCQ |
| -- |
OCLCO |
| -- |
OCLCQ |
| -- |
YT6 |
| -- |
OCLCA |
| -- |
OCLCQ |
| -- |
OCLCO |
| -- |
JDP |
| -- |
OCLCO |
| -- |
OCL |
| -- |
CBA |
| -- |
OCLCO |
| -- |
CTX |
| -- |
ZNC |
| -- |
OCLCO |
| -- |
YBM |
| -- |
OCLCO |
| -- |
J9U |
| -- |
OCL |
| -- |
OCLCO |
| -- |
OIP |
| -- |
HWARD |
| -- |
U5D |
| -- |
OCLCO |
| -- |
OCLCA |
| -- |
OCLCL |
| -- |
LWA |
| -- |
OCLCQ |
| -- |
OCLCO |
| -- |
TR-AnTOB |
| 041 0# - LANGUAGE CODE |
| Language code of text/sound track or separate title |
İngilizce |
| 050 00 - LIBRARY OF CONGRESS CALL NUMBER |
| Classification number |
PS3539.H94 |
| Item number |
Z77 1964 |
| 090 ## - LOCALLY ASSIGNED LC-TYPE CALL NUMBER (OCLC); LOCAL CALL NUMBER (RLIN) |
| Classification number (OCLC) (R) ; Classification number, CALL (RLIN) (NR) |
PS3539.H94 |
| Local cutter number (OCLC) ; Book number/undivided call number, CALL (RLIN) |
Z77 1964 |
| 100 1# - MAIN ENTRY--PERSONAL NAME |
| Personal name |
Morsberger, Robert E. |
| Fuller form of name |
(Robert Eustis), |
| Dates associated with a name |
1929-2019 |
| Relator term |
author |
| Relator code |
aut |
| 9 (RLIN) |
68170 |
| 245 10 - TITLE STATEMENT |
| Title |
James Thurber / |
| Statement of responsibility, etc. |
by Robert E. Morsberger. |
| 264 #1 - PRODUCTION, PUBLICATION, DISTRIBUTION, MANUFACTURE, AND COPYRIGHT NOTICE |
| Place of production, publication, distribution, manufacture |
New York : |
| Name of producer, publisher, distributor, manufacturer |
Twayne Publishers, |
| Date of production, publication, distribution, manufacture, or copyright notice |
[1964] |
|
| Date of production, publication, distribution, manufacture, or copyright notice |
©1964 |
| 300 ## - PHYSICAL DESCRIPTION |
| Extent |
224 pages ; |
| Dimensions |
21 cm |
| 336 ## - CONTENT TYPE |
| Content type term |
text |
| Content type code |
txt |
| Source |
rdacontent |
| 337 ## - MEDIA TYPE |
| Media type term |
unmediated |
| Media type code |
n |
| Source |
rdamedia |
| 338 ## - CARRIER TYPE |
| Carrier type term |
volume |
| Carrier type code |
nc |
| Source |
rdacarrier |
| 490 0# - SERIES STATEMENT |
| Series statement |
Twayne's United States authors series ; |
| Volume/sequential designation |
62 |
| 504 ## - BIBLIOGRAPHY, ETC. NOTE |
| Bibliography, etc. note |
Includes bibliographical references. |
| 505 0# - FORMATTED CONTENTS NOTE |
| Formatted contents note |
Predicaments and perplexities -- The romantic imagination -- Men, women and war -- Less alarming creatures -- Columbus, cocktails and conformity -- The male animal and the political animal -- Thurber and Thespis -- Thurber's drawings -- Literature and language -- Conclusion. |
| 520 ## - SUMMARY, ETC. |
| Summary, etc. |
A critical analysis of Thurber's writings in the context of his times. |
| 600 10 - SUBJECT ADDED ENTRY--PERSONAL NAME |
| Personal name |
Thurber, James, |
| Dates associated with a name |
1894-1961 |
| General subdivision |
Criticism and interpretation |
| 9 (RLIN) |
153671 |
| 650 #0 - SUBJECT ADDED ENTRY--TOPICAL TERM |
| Topical term or geographic name entry element |
Humorous stories, American |
| General subdivision |
History and criticism |
| 9 (RLIN) |
153672 |
|
| Topical term or geographic name entry element |
American wit and humor |
| General subdivision |
History and criticism |
| 9 (RLIN) |
153673 |
| 655 #7 - INDEX TERM--GENRE/FORM |
| Genre/form data or focus term |
Biographies |
| Source of term |
lcgft |
| Authority record control number |
http://id.loc.gov/authorities/genreForms/gf2014026049 |
| 9 (RLIN) |
146142 |
|
| Genre/form data or focus term |
Literary criticism |
| Source of term |
lcgft |
| Authority record control number |
http://id.loc.gov/authorities/genreForms/gf2017026126 |
| 9 (RLIN) |
153224 |
| 942 ## - ADDED ENTRY ELEMENTS (KOHA) |
| Source of classification or shelving scheme |
Library of Congress Classification |
| Koha item type |
Book |